=LDR 00000nam 2200000 4500 =001 INLIS000000000038767 =005 20130612144428 =008 ***********************************Ind** =035 ##$$a0010-061300000038767 =041 ##$$a Ind =082 ##$$a 813 =090 ##$$a 813, Pra t =100 ##$$a Pratnasari, Fitria =245 ##$$a Terperangkap kutukan film, Diangkat dari coretan facebook, Fitria Pratnasari; Penyunting, Tribuana Tunggal (sukma.__) =260 ##$$a 2011 $b Jakarta; ksara13 =300 ##$$a iv,92 hlm, 18 cm =650 ##$$a Fiksi =700 ##$$a Sukma,Tribuana Tunggal =850 ##$$a NBPNMAT =990 ##$$a 90781/BPAP-NTB/2014 =990 ##$$a 21400613/BPAP-NTB/20142014 =990 ##$$a 21400613/BPAP-NTB/20142014